000 00612nam a2200229Ia 4500
003 LK-CoDNM
008 010623t1925 xxu||||| |||| 00| 1 sin d
040 _aLK-CoDNM
_dLK-CoDNM
_eLK-CoDNM
041 _asin
080 _a104 E.14
100 _aBuddhadaasa,R
_eed.
245 _aශ්‍රී ධර්ම ශ්‍රී
246 _aSri Dharma Sri
260 _bP.K.W.Siriwardhana
_aColombo
_c1925
300 _b30p., 21 cm
650 _aKing Dharmaashooka
650 _aNibbana
650 _aPoson Festival
650 _aSriinivaasa Mahaa Thero
700 _aMalalaseekara,G.P
_eed.
942 _cBK
999 _c93081
_d93081